Techpromfinplan kombinata strojiteľnych materijalov i detalej

Saved in:
Bibliographic Details
Format: Book
Language:Russian
Published: Moskva Strojizdat 1951
Tags: Add Tag
No Tags, Be the first to tag this record!

MARC

LEADER 00000nam a2200000 4500
001 0315252
005 20260304092146.4
041 0 |a rus 
044 |a RU 
245 1 0 |a Techpromfinplan kombinata strojiteľnych materijalov i detalej  |c V. L. Kovnat 
264 1 |a Moskva  |b Strojizdat  |c 1951